000 00291nam a22001337a 4500
008 170927b xxu||||| |||| 00| 0 eng d
020 _a0135863481
041 _aeng
080 _23 ED
_a37
100 _a47
101 _aEDU
245 _aMODELS OF TEACHING
_cWEIL.M
942 _2udc
_cBK
999 _c30258
_d30258